| 000 | 00372nam a2200145Ia 4500 | ||
|---|---|---|---|
| 008 | 191201s1977 xx 000 0 und d | ||
| 082 |
_a677.21 _bHOC |
||
| 100 | _aHoughton Textile Reseason staff | ||
| 245 | 0 | _aCotton Warp Sizing Handbook | |
| 250 | _a2nd | ||
| 260 |
_aN.Delhi _bMahajan Book distributors _c1977 |
||
| 300 | _a- | ||
| 650 | _aB.Tech(TE) | ||
| 942 |
_2ddc _cBK |
||
| 999 |
_c2275 _d2275 |
||